The Second Bounce Of The Ball : (Record no. 22124)

MARC details
000 -LEADER
fixed length control field 00952nam a22003257a 4500
003 - CONTROL NUMBER IDENTIFIER
control field IBSLLIB
005 - DATE AND TIME OF LATEST TRANSACTION
control field 20260513084239.0
008 - FIXED-LENGTH DATA ELEMENTS--GENERAL INFORMATION
fixed length control field 260513b |||||||| |||| 00| 0 eng d
020 ## - INTERNATIONAL STANDARD BOOK NUMBER
International Standard Book Number 9780297851479
040 ## - CATALOGING SOURCE
Original cataloging agency IBSLLIB
Language of cataloging English
041 ## - LANGUAGE CODE
Language code of original Eng
082 ## - DEWEY DECIMAL CLASSIFICATION NUMBER
Classification number 658.4
Item number COH
100 ## - MAIN ENTRY--PERSONAL NAME
Personal name Cohen , Ronald
245 ## - TITLE STATEMENT
Title The Second Bounce Of The Ball :
Remainder of title Turning risk into opportunity
260 ## - PUBLICATION, DISTRIBUTION, ETC. (IMPRINT)
Place of publication, distribution, etc. London :
Name of publisher, distributor, etc. Weidenfeld & Nicolson ,
Date of publication, distribution, etc. 2007
300 ## - PHYSICAL DESCRIPTION
Extent 295 p ;
Dimensions 24 cm
505 ## - FORMATTED CONTENTS NOTE
Formatted contents note Climbing the north face
505 ## - FORMATTED CONTENTS NOTE
Formatted contents note Fear of failure
505 ## - FORMATTED CONTENTS NOTE
Formatted contents note Calibrating opportunities
505 ## - FORMATTED CONTENTS NOTE
Formatted contents note Timing is everything
505 ## - FORMATTED CONTENTS NOTE
Formatted contents note Leading a winning team
505 ## - FORMATTED CONTENTS NOTE
Formatted contents note Smart Money
505 ## - FORMATTED CONTENTS NOTE
Formatted contents note Ego , Intellect and intuition
505 ## - FORMATTED CONTENTS NOTE
Formatted contents note Chance perseverance and luck
505 ## - FORMATTED CONTENTS NOTE
Formatted contents note Doing it right
505 ## - FORMATTED CONTENTS NOTE
Formatted contents note Exits And enterances
650 ## - SUBJECT ADDED ENTRY--TOPICAL TERM
Topical term or geographic name as entry element Management and Auxiliary services
653 ## - INDEX TERM--UNCONTROLLED
Uncontrolled term probability
942 ## - ADDED ENTRY ELEMENTS (KOHA)
Koha item type Lending Book
Holdings
Withdrawn status Lost status Damaged status Not for loan Collection code Permanent Location Current Location Shelving location Date acquired Source of acquisition Inventory number Full call number Barcode Koha item type
        Lending Collection IBSL Library IBSL Library Lending Section 30/04/2026 Donation 10842 658.4 COH 10842 Lending Book
Copyright © 2024 IBSL Library, All rights reserved.
mail to: library@ibsl.lk | Contact: 0112425735 | Library Address: IBSL Library, 80A, Elvitigala Mawatha, Colombo 008